000 00854nam a22002417a 4500
001 22150
005 20260331174939.0
008 260330b |||||||| |||| 00| 0 spa d
020 _a9788419979834
082 _a320.52
_bK83
100 _aKronman, Anthony T.
_eAUT
245 _aLos nuevos conservadores :
_bla verdad y el valor de una ideología imprescindible para la defensa del humanismo en la era de la arrogancia
250 _aPrimera edición
260 _aCórdova :
_bSekotia,
_c2025
300 _a415 páginas :
_b ;
_c23 cm.
440 _a ;
650 _aCIS
653 _aCiencia política; Conservatismo
654 _aCDE
700 _a;
856 _uhttps://0u214uus1-y-https-app-vlex-com.itmsp.museknowledge.com/search/jurisdiction:PE/nuevos+conservadores
_zVéase además: Base de datos JSTOR
942 _cLIB
_dJUS
_fMIP
_n0
_2ddc
999 _c22150
_d22150